| 000 | 01223cam a2200229 4500 | ||
|---|---|---|---|
| 001 | ABS66159 | ||
| 008 | 021120n2002 000 0 eng u | ||
| 035 | _a(Sirsi) u120515 | ||
| 100 | _aCronin, S | ||
| 245 | _aHouse detectives | ||
| 260 | _c2002 | ||
| 490 |
_aEstates Gazette _v(0245) 9 November 2002, 50-51 |
||
| 520 | _aReports on the fight to catch corrupt landlords who are cheating the benefit system out of £2bn a year. Explains how difficult it is to catch these fraudsters if they move to another area of the country or in London, between boroughs. The Benefit Fraud Office is very concerned about government scams and there are parts of its report on Brighton Council in 2000 that are blanked out as the information may be too useful to criminals. Argues that although a criminal conviction in fraud cases is often difficult, more cooperation between different anti-fraud teams using data-matching techniques is becoming more effective against highly organised gangs. | ||
| 590 | _aABS | ||
| 650 | _aBENEFIT FRAUD | ||
| 650 | _aAUDIT COMMISSION | ||
| 650 | _aHOUSING BENEFIT SYSTEM | ||
| 650 | _aLONDON BOROUGHS | ||
| 650 | _aGREENWICH LBC | ||
| 690 | _aPROPERTY-LANDLORD AND TENANT | ||
| 942 | _n0 | ||
| 999 |
_c71598 _d71598 |
||